| 000 | 00294nam a2200097Ia 4500 | ||
|---|---|---|---|
| 008 | 220120s9999||||xx |||||||||||||| ||und|| | ||
| 100 |
_aShivaprasad, B.J and Anil, H.S _912234 |
||
| 245 | 0 | _aAppricial tracker | |
| 260 |
_aCoorg Institute of Technology _bPonnampet _c2002 |
||
| 650 | _aCOMPUTER SCIENCE | ||
| 999 |
_c137820 _d137820 |
||